• 首页
  • 本馆介绍
  • 公告通知
  • 最新文献
  • 馆藏检索
  • 电子资源
  • 读者导购
  • 参考咨询
  • 我的图书馆
  • 登录
  • 详细信息显示
  • 放入我的书架
  • 预约/预借图书
  • 作者相关作品
  • 分类相关作品
  • 丛书相关作品
  • 出版社相关作品

书目信息

  • 表格格式
  • 工作单格式
  • 卡片格式
题名:
经济基础知识
    
 
作者: ;全国经济专业技术资格考试用书编写委员会 编写
分册:  
出版信息: 北京   中国人事出版社  2005.05
页数: 316页
开本: 26cm
丛书名:
单 册:
中图分类: F0
科图分类:
主题词: 经济学--考核--自学参考资料 , CT--S040539--经济学
电子资源:
ISBN: 7-80139-838-6
000 01062nam0 2200289 450
001 002212622
005 20030124100458.0
010    @a7-80139-838-6@dCNY42.00
100    @a20021217d2005 em y0chiy0110 ea
101 0  @achi
102    @aCN@b110000
105    @ay zq 000yy
106    @ar
200 1  @a经济基础知识@Ajing ji ji chu zhi shi@e初级@f全国经济专业技术资格考试用书编写委员会编写
205    @a3版
210    @a北京@c中国人事出版社@d2005.05
215    @a316页@d26cm
300    @a全国经济专业技术资格考试用书(2002)
330    @a本书针对全国经济专业技术资格考试的初级资格考试要求进行编写,介绍了经济学、财政学、市场营销学、管理学、经济法学等经济学的基础知识,并针对考点设计了练习题和答案。
517 1  @a初级@Achu ji
606 0  @a经济学@x考核@j自学参考资料
606 0  @2CT@3S040539@a经济学
690    @aF0@v4
711 02 @a全国经济专业技术资格考试用书编写委员会@9quan guo jing ji zhuan ye ji shu zi ge kao shi yong shu bian xie wei yuan hui@4编写
801  0 @aCN@bJiuFeng@c20030128
905   @aBZT@dF0@e122@f10
906    @dCNY42.00@n0@r1
    
    经济基础知识:初级/全国经济专业技术资格考试用书编写委员会编写.-3版.-北京:中国人事出版社,2005.05
    316页;26cm
    全国经济专业技术资格考试用书(2002)
    
    ISBN 7-80139-838-6:CNY42.00
    本书针对全国经济专业技术资格考试的初级资格考试要求进行编写,介绍了经济学、财政学、市场营销学、管理学、经济法学等经济学的基础知识,并针对考点设计了练习题和答案。
●
相关链接 在五车中查询图书 在当当中查询图书 在豆瓣中查询图书


正题名:经济基础知识     索取号:F0/122         预约/预借

序号 登录号 条形码 馆藏地/架位号 状态 备注
1 730580   2000730580   中心书库北库/ 北库006架A面2列6层62/ [索取号:F0/122] 在馆    
2 730581   2000730581   中心书库北库/ 北库006架A面2列6层65/ [索取号:F0/122] 在馆    
3 730582   2000730582   中心书库北库/ 北库006架A面2列6层63/ [索取号:F0/122] 在馆    
4 730583   2000730583   中心书库北库/ 北库006架A面2列6层64/ [索取号:F0/122] 在馆    
5 730584   2000730584   中心书库北库/ 北库006架A面2列6层56/ [索取号:F0/122] 在馆    
6 730585   2000730585   中心书库北库/ 北库006架A面2列6层57/ [索取号:F0/122] 在馆    
7 730586   2000730586   中心书库北库/ 北库006架A面2列6层58/ [索取号:F0/122] 在馆    
8 730587   2000730587   中心书库北库/ 北库006架A面2列6层59/ [索取号:F0/122] 在馆    
9 730588   2000730588   中心书库北库/ 北库006架A面2列6层60/ [索取号:F0/122] 在馆    
10 730589   2000730589   中心书库北库/ 北库006架A面2列6层61/ [索取号:F0/122] 在馆    
山东省滨州职业学院图书馆 欢迎您!
大连网信软件有限公司© 版权所有